Memoria que la Junta Gestora del Ateneo de Madrid presenta a la ministra de Cultura y a la Asamblea General de socios como informe de su actuación transitoria para la reinstauración de una Junta democrática : (Record no. 22132)

MARC details
000 -LEADER
campo de control de longitud fija 01078nam a2200241 i 4500
001 - NÚMERO DE CONTROL
campo de control 22132
003 - IDENTIFICADOR DE NÚMERO DE CONTROL
campo de control ES-MaACL
005 - FECHA Y HORA DE LA ÚLTIMA TRANSACCIÓN
campo de control 20250420122713.0
007 - CAMPO FIJO DE DESCRIPCIÓN FÍSICA--INFORMACIÓN GENERAL
campo de control de longitud fija t|
008 - DATOS DE LONGITUD FIJA--INFORMACIÓN GENERAL
campo de control de longitud fija 021217s1982 sp |||| | spa d
080 ## - NÚMERO DE LA CLASIFICACIÓN DECIMAL UNIVERSAL
Número de la Clasificación Decimal Universal 061.21(460.27) Ateneo
110 2# - ENTRADA PRINCIPAL--NOMBRE DE ENTIDAD CORPORATIVA
Nombre de entidad corporativa o nombre de jurisdicción como elemento de entrada Ateneo de Madrid.
9 (RLIN) 1875
245 10 - MENCIÓN DEL TÍTULO
Título Memoria que la Junta Gestora del Ateneo de Madrid presenta a la ministra de Cultura y a la Asamblea General de socios como informe de su actuación transitoria para la reinstauración de una Junta democrática :
Resto del título balance y cuentas al 21 de diciembre de 1981.
260 ## - PUBLICACIÓN, DISTRIBUCIÓN, ETC.
Lugar de publicación, distribución, etc. Madrid :
Nombre del editor, distribuidor, etc. [s.n.],
Fecha de publicación, distribución, etc. 1982 (
Fabricante Cedesa)
300 ## - DESCRIPCIÓN FÍSICA
Extensión 26 p. ;
Dimensiones 24 cm.
610 24 - PUNTO DE ACCESO ADICIONAL DE MATERIA--NOMBRE DE ENTIDAD CORPORATIVA
Nombre de entidad corporativa o nombre de jurisdicción como elemento de entrada Ateneo de Madrid-
Subdivisión de forma Memorias de Secretaría.
9 (RLIN) 1929
610 24 - PUNTO DE ACCESO ADICIONAL DE MATERIA--NOMBRE DE ENTIDAD CORPORATIVA
Nombre de entidad corporativa o nombre de jurisdicción como elemento de entrada Ateneo de Madrid-
Subdivisión de forma Obras digitalizadas.
9 (RLIN) 1930
852 4# - LOCALIZACIÓN
Ubicación ES-MaACL
Número de control de estantería 2126-F-11
Ubicación en estantería Depósito folletos
Nota libre Revisado enlace: 20 de Abril de 2025
852 4# - LOCALIZACIÓN
Ubicación ES-MaACL
Número de control de estantería 2126-F-10
Ubicación en estantería Depósito folletos
Nota libre Revisado enlace: 20 de Abril de 2025
856 4# - LOCALIZACIÓN Y ACCESO ELECTRÓNICOS
Identificador Uniforme de Recursos <a href="http://www.ateneodemadrid.net/biblioteca_digital/folletos/Memoria-1981.pdf">http://www.ateneodemadrid.net/biblioteca_digital/folletos/Memoria-1981.pdf</a>
Texto de enlace Ver documento
942 ## - ELEMENTOS DE ENTRADA SECUNDARIOS (KOHA)
Fuente del sistema de clasificación o colocación Clasificación decimal universal
Holdings
Estatus retirado Estado de pérdida Fuente del sistema de clasificación o colocación Estado de daño No para préstamo Colección Biblioteca de origen Biblioteca actual Ubicación en estantería Fecha de adquisición Total de préstamos Signatura topográfica completa Código de barras Visto por última vez Precio de reemplazo Tipo de ítem Koha
    Clasificación decimal universal     Biblioteca Digital del Ateneo de Madrid Biblioteca del Ateneo de Madrid Biblioteca del Ateneo de Madrid Depósito folletos 17/01/2008   2126-F-10 1022761 23/02/2023 23/02/2023 Folleto
    Clasificación decimal universal     Biblioteca Digital del Ateneo de Madrid Biblioteca del Ateneo de Madrid Biblioteca del Ateneo de Madrid Depósito folletos 17/01/2008   2126-F-11 1022760 23/02/2023 23/02/2023 Folleto